| 000 | 00955nam a2200217Ia 4500 | ||
|---|---|---|---|
| 003 | IN-BaIIA | ||
| 008 | 211028s9999 xx 000 0 eng d | ||
| 020 | _a978-0-306-45770-8 | ||
| 040 | _cIIA Library | ||
| 080 |
_a535.4(082.2) _bDIF |
||
| 111 |
_aInternational School of Quantum Electronics on Diffractive Optics and Optical Microsyste _cItaly _d1996 Nov. 14-24 _922997 |
||
| 245 | 0 |
_aDiffractive optics and optical microsystems _bproceedings of the 20th course of the International school of quantum electronics on diffractive optics and optical microsyste, Erice, Sicily, Italy, November 14-24, 1996 _cedited by S. Martellucci and A. N. Chester |
|
| 260 |
_aNew York _bPlenum Press _c1997 |
||
| 300 | _aix, 422p. | ||
| 650 |
_aDiffraction _96763 |
||
| 650 |
_aDiffractive optics _922998 |
||
| 650 | _aOptics | ||
| 700 |
_aChester, A. N., ed. _922999 |
||
| 700 |
_aMartellucci, S., ed. _923000 |
||
| 942 | _cBK | ||
| 999 |
_c13063 _d13063 |
||